000 00880nmc a2200337 a 4500
003 AR-BaBNM
005 20251128204338.0
008 307019s1990 ||||||||||||||000 | spa||
020 _a84-7046-300-4
040 _cAR-BaBNM
100 1 _aGil, Adela
245 1 0 _aDe la agricultura tradicional a la tecnológica
250 _a1ª ed.
260 _aMadrid
_bCincel
_c1990
300 0 _a135 p.
_bgráfs., mapas
490 0 _aCuadernos de estudio. Geografía
_vv. 5
504 _aBibliografía p. 133-135
521 _aSECUNDARIO
650 4 _aAGRICULTURA
650 4 _aDESARROLLO AGRICOLA
650 4 _aPRODUCCION AGRICOLA
650 4 _aINGENIERIA AGRICOLA
650 4 _aFACTORES DE PRODUCCION
651 4 _aURSS
651 4 _aEstados Unidos
651 4 _aCuba
651 4 _aChina
800 1 _aPuyol, Rafael
_ecoordinador
942 _cBK
998 _cCarmen
999 _c7098
_d7098